<?xml version="1.0" encoding="UTF-8"?>
<record
    xmlns:xsi="http://www.w3.org/2001/XMLSchema-instance"
    xsi:schemaLocation="http://www.loc.gov/MARC21/slim http://www.loc.gov/standards/marcxml/schema/MARC21slim.xsd"
    xmlns="http://www.loc.gov/MARC21/slim">

  <leader>00721nam a22001817a 4500</leader>
  <controlfield tag="003">NUST</controlfield>
  <controlfield tag="005">20240604122700.0</controlfield>
  <datafield tag="020" ind1=" " ind2=" ">
    <subfield code="a">9789384323127</subfield>
  </datafield>
  <datafield tag="082" ind1=" " ind2=" ">
    <subfield code="a">515.98,ZIL</subfield>
  </datafield>
  <datafield tag="100" ind1=" " ind2=" ">
    <subfield code="a">Zill, Dennis G</subfield>
    <subfield code="9">1266</subfield>
  </datafield>
  <datafield tag="245" ind1=" " ind2=" ">
    <subfield code="a">Complex Analysis /</subfield>
    <subfield code="c">Dennis G. Zill, Patrick D. Shanahan</subfield>
  </datafield>
  <datafield tag="250" ind1=" " ind2=" ">
    <subfield code="a">3rd Edition</subfield>
  </datafield>
  <datafield tag="260" ind1=" " ind2=" ">
    <subfield code="a">India</subfield>
    <subfield code="b">Jones and Bartlett</subfield>
    <subfield code="c">2016</subfield>
  </datafield>
  <datafield tag="300" ind1=" " ind2=" ">
    <subfield code="a">xv, 425 p</subfield>
  </datafield>
  <datafield tag="505" ind1=" " ind2=" ">
    <subfield code="a">Complex Numbers and the Complex Plane (Page-2), Complex Functions and Mappings (Page-46), Analytic Functions (Page-102), Elementary Functions (Page-150), Integration in the Complex Plane (Page-200), Series and Residues (Page-258), Conformal Mappings (Page-334).</subfield>
  </datafield>
  <datafield tag="650" ind1=" " ind2=" ">
    <subfield code="a"> Functions of complex variables</subfield>
  </datafield>
  <datafield tag="942" ind1=" " ind2=" ">
    <subfield code="2">ddc</subfield>
    <subfield code="c">BK</subfield>
  </datafield>
  <datafield tag="999" ind1=" " ind2=" ">
    <subfield code="c">594303</subfield>
    <subfield code="d">594303</subfield>
  </datafield>
  <datafield tag="952" ind1=" " ind2=" ">
    <subfield code="0">0</subfield>
    <subfield code="1">0</subfield>
    <subfield code="2">ddc</subfield>
    <subfield code="4">0</subfield>
    <subfield code="7">0</subfield>
    <subfield code="a">MCS</subfield>
    <subfield code="b">MCS</subfield>
    <subfield code="c">GEN</subfield>
    <subfield code="d">2023-03-27</subfield>
    <subfield code="l">1</subfield>
    <subfield code="o">515.98,ZIL</subfield>
    <subfield code="p">MCS37753</subfield>
    <subfield code="q">2025-10-22</subfield>
    <subfield code="r">2025-06-24</subfield>
    <subfield code="s">2025-06-24</subfield>
    <subfield code="w">2023-03-27</subfield>
    <subfield code="y">BK</subfield>
    <subfield code="z">Almirah No.13, Shelf No.6</subfield>
  </datafield>
  <datafield tag="952" ind1=" " ind2=" ">
    <subfield code="0">0</subfield>
    <subfield code="1">0</subfield>
    <subfield code="2">ddc</subfield>
    <subfield code="4">0</subfield>
    <subfield code="7">0</subfield>
    <subfield code="a">MCS</subfield>
    <subfield code="b">MCS</subfield>
    <subfield code="c">GEN</subfield>
    <subfield code="d">2025-03-22</subfield>
    <subfield code="l">3</subfield>
    <subfield code="o">515.98,ZIL</subfield>
    <subfield code="p">MCS38033</subfield>
    <subfield code="q">2026-08-19</subfield>
    <subfield code="r">2026-04-21</subfield>
    <subfield code="s">2026-04-21</subfield>
    <subfield code="w">2025-03-22</subfield>
    <subfield code="y">BK</subfield>
    <subfield code="z">Almirah No.13, Shelf No.6</subfield>
  </datafield>
</record>
